Histochemische Untersuchungen der hormonal induzierten Nierenrindennekrose

Elmentve itt :
Bibliográfiai részletek
Szerzők: Horváth Éva
Kovács Kálmán
Dokumentumtípus: Cikk
Megjelent: 1967
Sorozat:Kolligátum
Kulcsszavak:Vesebetegségek, Hisztokémia - laboratóriumi technika, Szövettan
Online Access:http://misc.bibl.u-szeged.hu/26930
LEADER 00656nab a2200181 i 4500
001 misc26930
005 20191111110338.0
008 170919s1967 hu o 0|| zxx d
040 |a SZTE Miscellanea Repozitórium  |b hun 
041 |a zxx 
100 1 |a Horváth Éva 
245 1 0 |a Histochemische Untersuchungen der hormonal induzierten Nierenrindennekrose  |h [elektronikus dokumentum] /  |c  Horváth Éva 
260 |c 1967 
300 |a 27-48 
490 0 |a Kolligátum 
695 |a Vesebetegségek, Hisztokémia - laboratóriumi technika, Szövettan 
700 0 1 |a Kovács Kálmán  |e aut 
856 4 0 |u http://misc.bibl.u-szeged.hu/26930/1/019_023_027-048.pdf  |z Dokumentum-elérés